| 000 | 00356 a2200109 4500 | ||
|---|---|---|---|
| 020 | _a0793195640 (pbk.) | ||
| 082 | _a620.106076 LAR | ||
| 100 | _aLarock, Bruce E., | ||
| 245 |
_aCivil engineering hydraulics & hydrology review / _cBruce E. Larock |
||
| 260 |
_aChicago, IL. : _bKapan Education ; _cc2004. |
||
| 300 |
_a1 v. (various paging) : _bill. ; _c28 cm. |
||
| 650 | _aFluid mechanics | ||
| 999 |
_c1539 _d1539 |
||